000 01014nam a2200277 a 4500
001 BRCA_2662
005 20190320203919.0
008 021208s1939----mx-a---###---#000-0#spa-u
041 _aspa
044 _amx
050 4 _aNA7515.M4
_b.C37 1939
245 1 0 _aUna casa habitación del siglo XVIII en la ciudad de México
_cAlberto Le Duc, Roberto Álvarez Espinosa, Jorge Enciso.
260 _aMéxico
_bSEP : INAH, Dirección de Monumentos Coloniales
_c1939
300 _a71 p.
_bil. (algunas a color), 5 hojas plegables, 6 láminas a color
_c24 cm.
500 _aA108
650 1 4 _aArquitectura doméstica
_zMéxico
_91939
650 1 4 _aArquitectura
_zCiudad de México
_97558
650 1 4 _aAzulejos mexicanos
_97559
650 1 4 _aArquitectura colonial
_97560
650 1 4 _aCiudad de México
_xCasas históricas
_97561
700 1 _aDuc, Alberto Le
_ecoaut.
_97562
700 1 _aÁlvarez Espinosa, Roberto
_ecoaut.
_95570
700 1 _aEnciso, Jorge
_d1883-1969
_ecoaut.
_97563
902 _aGFM
942 _2lcc
_cB
999 _c2402
_d2402